00903nam a2200205 4500003001100000008004100011020001500052040003900067041000800106082001500114111012600129245016500255260010200420300003200522650003900554650002100593650002400614700003400638700002500672LK-CoMWRAF230822b2007 |||||||| |||| 00| 0 eng d a8187966548 aLK-CoMWRAFdLK-CoMWRAFeLK-CoMWRAF aeng a551.5bINT aINTERNATIONAL WORKSHOP ON DISASTER RISK MITIGATION: POTENTIAL OF MICRO-FINANCE FOR TSUNAMY RECOVERYc( New Delhi, d2005) aMicro-finance and disaster risk reduction: bproceedings of International Workshop on Disaster Risk Mitigation: Potential of Micro-Finance for Tsunami Recovery  aNew Delhi :bNational Institute of Disaster Management in association with Knowledge World,c2006 axiv, 225 p. : ill. ; 25 cm. aHAZARD MITIGATION-INDIA-CONGRESSES aTsunami recovery aMicrofinance--India aChakrabarti, P. G. Dhar eed. aBhat, Mihir R. eed.